[Event "Wroclaw Anderssen Memorial"]
[Site "Wroclaw"]
[Date "2022.07.30"]
[Round "2"]
[White "Hnydiuk, Aleksander"]
[Black "Malecki, Eugeniusz"]
[Result "1-0"]
[WhiteElo "2388"]
[BlackElo "1948"]
[PlyCount "111"]
[EventDate "2022.07.30"]
[EventType "swiss (rapid)"]
[EventRounds "9"]
[EventCountry "POL"]
[SourceTitle "CBM 209 Extra"]
[Source "ChessBase"]
[SourceDate "2022.09.30"]
[SourceVersion "1"]
[SourceVersionDate "2022.09.30"]
[SourceQuality "1"]

1. Nf3 d5 2. d4 e6 3. c4 Nf6 4. g3 Be7 5. Bg2 0-0 6. Qc2 b6 7. 0-0 Bb7 8. cxd5 exd5 9. Nc3 Nbd7 10. Bf4 c5 11. dxc5 bxc5 12. Ne5 Nb6 13. Rfd1 h6 14. a4 g5 15. Bc1 Qd6 16. f4 a5 17. Nb5 Qb8 18. fxg5 hxg5 19. Qf5 Nh7 20. Nf3 Bc8 21. Qe5 Qxe5 22. Nxe5 Be6 23. Nc7 Rad8 24. Nxe6 fxe6 25. Nc6 Rd7 26. Bh3 Rf6 27. b3 Bd6 28. Bb2 d4 29. Nxa5 Nd5 30. Nc4 Bb8 31. Rf1 Kf7 32. a5 Rb7 33. a6 Ra7 34. e3 e5 35. exd4 cxd4 36. Bg2 Rxf1+ 37. Rxf1+ Ndf6 38. Bb7 Ke6 39. Nb6 Kd6 40. Nc8+ Kc5 41. Ba3+ Kb5 42. Nxa7+ Bxa7 43. Rf5 d3+ 44. Kf1 Bd4 45. Rxe5+ Kb6 46. Re6+ Ka7 47. Ke1 Bc3+ 48. Kd1 Ng4 49. Bc5+ Kb8 50. a7+ Kxb7 51. Re7+ Kc6 52. a8Q+ Kxc5 53. Rc7+ Kd4 54. Rc4+ Ke3 55. Qe4+ Kf2 56. Qxg4 1-0

[Event "POL-chT 2nd League"]
[Site "Wysowa"]
[Date "2003.09.12"]
[Round "9"]
[White "Malecki, Eugeniusz"]
[Black "Kujawski, Kazimierz"]
[Result "1/2-1/2"]
[WhiteElo "2032"]
[BlackElo "2069"]
[PlyCount "28"]
[EventDate "2003.09.06"]
[EventType "team-swiss"]
[EventRounds "11"]
[EventCountry "POL"]
[SourceTitle "CBM 096 Extra"]
[Source "ChessBase"]
[SourceDate "2003.10.22"]
[SourceVersion "2"]
[SourceVersionDate "2003.10.20"]
[SourceQuality "1"]
[WhiteTeam "Wschowa Hetman"]
[BlackTeam "Glogow MOK Chrobry"]
[WhiteTeamCountry "POL"]
[BlackTeamCountry "POL"]

1. d4 Nf6 2. Nf3 g6 3. e3 Bg7 4. Be2 0-0 5. 0-0 d5 6. Nbd2 c6 7. c4 Nbd7 8. cxd5 cxd5 9. b3 Nb6 10. Ba3 Bf5 11. Ne1 Rc8 12. Nd3 Nfd7 13. Rc1 Re8 14. f4 Bxd3 1/2-1/2

[Event "POL-chT 2nd League"]
[Site "Wysowa"]
[Date "2003.09.10"]
[Round "7"]
[White "Kruzynski, Wieslaw"]
[Black "Malecki, Eugeniusz"]
[Result "1-0"]
[WhiteElo "2148"]
[BlackElo "2032"]
[PlyCount "73"]
[EventDate "2003.09.06"]
[EventType "team-swiss"]
[EventRounds "11"]
[EventCountry "POL"]
[SourceTitle "CBM 096 Extra"]
[Source "ChessBase"]
[SourceDate "2003.10.22"]
[SourceVersion "2"]
[SourceVersionDate "2003.10.20"]
[SourceQuality "1"]
[WhiteTeam "Bydgoszcz AZS AB"]
[BlackTeam "Wschowa Hetman"]
[WhiteTeamCountry "POL"]
[BlackTeamCountry "POL"]

1. d4 d5 2. Nf3 Nf6 3. g3 e6 4. Bg2 Be7 5. 0-0 0-0 6. b3 b6 7. Bb2 Nbd7 8. Nbd2 Bb7 9. a3 c6 10. Ne5 Ne8 11. f4 f6 12. Nxd7 Qxd7 13. e4 c5 14. exd5 Bxd5 15. Bxd5 exd5 16. Re1 Nc7 17. Nf1 Rfe8 18. Qd3 Ne6 19. dxc5 Nxc5 20. Qd2 Qc6 21. Rad1 Rad8 22. Qc3 Qb7 23. b4 Ne4 24. Qb3 Kf8 25. Ne3 a5 26. bxa5 b5 27. Bd4 Nc5 28. Qb2 Bd6 29. Nf5 Na4 30. Nxd6 Rxd6 31. Qb4 Red8 32. Re6 Qc6 33. Rde1 Kf7 34. f5 h5 35. c3 Kg8 36. Re7 R6d7 37. Re8+ 1-0

[Event "POL-chT 2nd League"]
[Site "Wysowa"]
[Date "2003.09.06"]
[Round "1"]
[White "Dudzinski, Piotr"]
[Black "Malecki, Eugeniusz"]
[Result "1-0"]
[WhiteElo "2080"]
[BlackElo "2032"]
[PlyCount "73"]
[EventDate "2003.09.06"]
[EventType "team-swiss"]
[EventRounds "11"]
[EventCountry "POL"]
[SourceTitle "CBM 096 Extra"]
[Source "ChessBase"]
[SourceDate "2003.10.22"]
[SourceVersion "2"]
[SourceVersionDate "2003.10.20"]
[SourceQuality "1"]
[WhiteTeam "Ostrow Wielkopolski"]
[BlackTeam "Wschowa Hetman"]
[WhiteTeamCountry "POL"]
[BlackTeamCountry "POL"]

1. e4 c5 2. c3 d5 3. exd5 Qxd5 4. d4 Nc6 5. Nf3 e6 6. Be3 cxd4 7. Nxd4 Nxd4 8. cxd4 Bd7 9. Nc3 Qa5 10. Bd3 Nf6 11. 0-0 Be7 12. Ne4 Bc6 13. Qc2 h6 14. Nxf6+ Bxf6 15. Be4 Bxe4 16. Qxe4 Qb5 17. b3 0-0 18. Rac1 b6 19. Rc7 Qa5 20. Qc2 Qd5 21. Rd1 Rfd8 22. Rd2 Rd7 23. Rc4 Rad8 24. f4 g6 25. a4 Kg7 26. Rd1 g5 27. fxg5 hxg5 28. Rf1 Be7 29. Qf2 f5 30. Qg3 g4 31. h3 Rg8 32. hxg4 Kf7 33. Qh3 Bf6 34. gxf5 e5 35. dxe5 Bxe5 36. Qh5+ Ke7 37. Bg5+ 1-0